| 000 | 00465 a2200133 4500 | ||
|---|---|---|---|
| 245 |
_aDictionary of the ancient Near East _hprint |
||
| 020 | _a0812235576 (alk. pap | ||
| 700 | _aBienkowski, Piotr. | ||
| 700 | _aMillard, A. R. (Alan Ralph) | ||
| 005 | 20191017174233.0 | ||
| 260 |
_apau _bUniversity of Pennsylvania Press _c2000 |
||
| 084 | _aDS56 .D5 2000 | ||
| 300 |
_ax, 342 p. : ill., maps _b 26 cm. _cx, 342 p. : ill., maps ; 26 cm. |
||
| 500 | _aedited by Piotr Bienkowski and Alan Millard. | ||
| 999 |
_c11352 _d11352 |
||